| 000 | 00583nas a22001697i 4500 | ||
|---|---|---|---|
| 001 | 6374 | ||
| 003 | OSt | ||
| 005 | 20170126082355.0 | ||
| 007 | tu | ||
| 008 | 161220s1999 xxu||||| |||| 00| 0 d | ||
| 024 | 7 |
_a6374 _2RID |
|
| 024 | 7 |
_a6374 _2RSN (alt) |
|
| 040 | _cOSt | ||
| 245 | 0 | 0 |
_aGSD - Die Gestaltung des Straßennetzes im Donaueuropäischen Raum unter besonderer Berücksichtigung des Wirtschaftsstandortes Österreich _bHauptergebnisse |
| 260 |
_aWien : _bBundesministerium für wirtschaftliche Angelegenheiten, _c1999. |
||
| 110 | 2 | _aBundesministerium für wirtschaftliche Angelegenheiten | |
| 942 | _cJ | ||
| 999 |
_c5961 _d5961 |
||